000 00724nam a2200241 i 4500
001 105781
003 ES-MaACL
005 20250417063057.0
007 t|
008 060828s1965 fr ||||1| fre d
080 _a32 Lenin, Vladimir Ilyich
080 _a330.840
100 1 _aLukács, György,
_d1885-1971
_974718
245 1 0 _aLénine /
_cGeorg Lukács ; préface de J.-M. Brohm.
260 _aParis :
_bEDI,
_c[1965]
300 _a128 p. ;
_c20 cm.
500 _aBiblioteca Juan Andrade.
600 1 4 _aLenin, Vladimir Il'ich,
_d1870-1924
_971523
650 1 4 _aMarxismo-leninismo.
_914808
700 1 _aBrohm, Jean Marie.
_931880
852 _aES-MaACL
_jAND-595
_bR.109893
999 _c105781
_d105781